Chanteurs par lettre. H - Statistiques

Statistiques générales
  • Ce quiz a été pris 332 fois
  • Le résultat moyen est 8 sur 15
Statistiques - réponses
Chansons Chanteurs % Correct
Allumer le feu / Je te promets Johnny Hallyday
97%
Ma dernière lettre / Sang pour sang David Hallyday
95%
Ta marinière / Je partirai Hoshi
75%
Angela / Eternel Hatik
69%
I will always love you / I have nothing Whitney Houston
66%
Aristocrate / Moulaga Heuss l'Enfoiré
61%
Born to be alive / Back to boogie Patrick Hernandez
57%
Gasolina / Fade up Hamza
50%
Le jerk / Poupée psychédélique Thierry Hazard
49%
Tous les garçons et les filles / Comment te dire adieu Françoise Hardy
48%
Roi / Je danse encore Bilal Hassani
39%
One kiss / Outside Calvin Harris
26%
Je pense à toi / Gramme 2 peuf Hornet la Frappe
20%
Little wing / Hey Joe Jimi Hendrix
13%
Happy Xmas / End of the line George Harrison
2%
Aucun quiz correspondant
Distribution des résultats
% des personnes avec chaque résultat
Percentile par nombre de réponses
Votre historique - résultats
Vous n’avez pas pris ce quiz